• 首页
  • 本馆介绍
  • 公告通知
  • 最新文献
  • 馆藏检索
  • 电子资源
  • 读者导购
  • 参考咨询
  • 我的图书馆
  • 登录
  • 详细信息显示
  • 放入我的书架
  • 预约/预借图书
  • 作者相关作品
  • 分类相关作品
  • 丛书相关作品
  • 出版社相关作品

书目信息

  • 表格格式
  • 工作单格式
  • 卡片格式
题名:
第三届全国会计知识大赛法规汇编
    
 
作者: ;第三届全国会计知识大赛领导小组办公室 编
分册:  
出版信息: 大连   大连出版社  2007
页数: 312页
开本: 26cm
丛书名:
单 册:
中图分类: D922.269
科图分类:
主题词: 会计法--中国--汇编 , 会计法
电子资源:
ISBN: 978-7-80684-539-4
000 01156nam0 2200253 45
001 1033072593
005 20100407172515.34
010    @a978-7-80684-539-4@dCNY30.00
100    @a20100401d2007 em y0chiy0120 ea
101 0  @achi
102    @aCN@b210000
105    @ay n 000yy
106    @ar
200 1  @a第三届全国会计知识大赛法规汇编@ADi San Jie Quan Guo Kuai Ji Zhi Shi Da Sai Fa Gui Hui Bian@dLaws compilation of the third national accountant knowledge competition@f第三届全国会计知识大赛领导小组办公室编@FDi San Jie Quan Guo Kuai Ji Zhi Shi Da Sai Ling Dao Xiao Zu Ban Gong Shi Bian@zeng
210    @a大连@c大连出版社@d2007
215    @a312页@d26cm
330    @a本书汇集了本届大赛所涉及的全部法律法规,内容包括会计法律制度部分、税收法律制度部分、其他法律制度部分等。
510 1  @aLaws compilation of the third national accountant knowledge competition@zeng
606 0  @a会计法@y中国@j汇编
606 0  @a会计法
690    @aD922.269@v4
711 02 @a第三届全国会计知识大赛领导小组办公室@ADi San Jie Quan Guo Kuai Ji Zhi Shi Da Sai Ling Dao Xiao Zu Ban Gong Shi@4编
801  0 @aCN@bTANGWEI@c20100407
905    @b0588109-13@dD922.269@e885@f5
    
    第三届全国会计知识大赛法规汇编=Laws compilation of the third national accountant knowledge competition/第三届全国会计知识大赛领导小组办公室编.-大连:大连出版社,2007
    312页;26cm
    
    
    ISBN 978-7-80684-539-4:CNY30.00
    本书汇集了本届大赛所涉及的全部法律法规,内容包括会计法律制度部分、税收法律制度部分、其他法律制度部分等。
●
相关链接 在E读中查询图书 在五车中查询图书 在当当中查询图书 在豆瓣中查询图书


正题名:第三届全国会计知识大赛法规汇编     索取号:D922.269/885         预约/预借

序号 登录号 条形码 馆藏地/架位号 状态 备注
1 0588109   205881090   第一样本阅览室/ [索取号:D922.269/885] 在馆    
2 0588110   205881107   第一借阅区/ [索取号:D922.269/885] 在馆    
3 0588111   205881116   第一借阅区/ [索取号:D922.269/885] 在馆    
4 0588112   205881125   第一借阅区/ [索取号:D922.269/885] 在馆    
5 0588113   205881134   第一借阅区/ [索取号:D922.269/885] 在馆    
唐山师范学院图书馆 欢迎您!
大连网信软件有限公司© 版权所有